Weep not, child. (Record no. 6012)

MARC details
000 -LEADER
fixed length control field 00540cam a22001932 4500
001 - CONTROL NUMBER
control field 0000002769
005 - DATE AND TIME OF LATEST TRANSACTION
control field 20151217151904.0
008 - FIXED-LENGTH DATA ELEMENTS--GENERAL INFORMATION
fixed length control field 070419s xx 000 0 eng d
040 ## - CATALOGING SOURCE
Original cataloging agency KABU
Transcribing agency KABU
050 #0 - LIBRARY OF CONGRESS CALL NUMBER
Classification number PR9381.9
Item number .N48W44
100 1# - MAIN ENTRY--PERSONAL NAME
Personal name Ngugi, James.
-- 0000152282
245 10 - TITLE STATEMENT
Title Weep not, child.
260 ## - PUBLICATION, DISTRIBUTION, ETC. (IMPRINT)
Place of publication, distribution, etc. London :
Name of publisher, distributor, etc. Heinemann Educ.,
Date of publication, distribution, etc. 1964.
300 ## - PHYSICAL DESCRIPTION
Extent 153 p.
852 1# - LOCATION
-- p469 KES
908 ## - PUT COMMAND PARAMETER (RLIN)
Put command parameter 070419
950 ## - LOCAL HOLDINGS (RLIN)
-- 1
Holdings
Withdrawn status Lost status Source of classification or shelving scheme Not for loan Home library Current library Date acquired Total Checkouts Full call number Barcode Date last seen Price effective from Koha item type Date last checked out
    Library of Congress Classification   Kabarak, Main Campus Kabarak, Main Campus 17/12/2015   PR9381.9 .N48W44 c. 2 002856 17/12/2015 17/12/2015 General Collection  
    Library of Congress Classification   Kabarak, Main Campus Kabarak, Main Campus 17/12/2015 3 PR9381.9 .N48W44 c. 3 016753 07/06/2016 17/12/2015 Reserve Collection 07/06/2016
Designed with assistance from East African Informatics Ltd